[Event "Budapest FS02 FM-B"]
[Site "Budapest"]
[Date "2015.02.11"]
[Round "4"]
[White "Hatala, Sandor"]
[Black "Geher, Koppany"]
[Result "1-0"]
[WhiteElo "1839"]
[BlackElo "1488"]
[PlyCount "65"]
[EventDate "2015.02.07"]
[EventType "tourn"]
[EventRounds "9"]
[EventCountry "HUN"]
[SourceTitle "CBM 164 Extra"]
[Source "ChessBase"]
[SourceDate "2015.03.02"]
[SourceVersion "1"]
[SourceVersionDate "2015.03.02"]
[SourceQuality "1"]

1. d4 d5 2. Nf3 Nf6 3. Bf4 e6 4. e3 Be7 5. h3 0-0 6. Bd3 c5 7. c3 c4 8. Bc2 Nc6 9. Nbd2 b5 10. a3 Bb7 11. 0-0 h6 12. Re1 Bd6 13. Bxd6 Qxd6 14. e4 Qc7 15. e5 Nd7 16. Nh2 Rfc8 17. f4 Ne7 18. g4 a5 19. f5 b4 20. axb4 axb4 21. Rxa8 Bxa8 22. Qf3 bxc3 23. bxc3 Qd8 24. Qf4 Nc6 25. Rf1 Qe8 26. g5 hxg5 27. Qxg5 Qe7 28. f6 Qf8 29. Ng4 g6 30. Bxg6 fxg6 31. Qxg6+ Kh8 32. Nh6 Nd8 33. Rf4 1-0

[Event "Budapest FS02 FM-B"]
[Site "Budapest"]
[Date "2015.02.10"]
[Round "3"]
[White "Bacsi, Andras"]
[Black "Hatala, Sandor"]
[Result "1-0"]
[WhiteElo "1761"]
[BlackElo "1839"]
[PlyCount "129"]
[EventDate "2015.02.07"]
[EventType "tourn"]
[EventRounds "9"]
[EventCountry "HUN"]
[SourceTitle "CBM 164 Extra"]
[Source "ChessBase"]
[SourceDate "2015.03.02"]
[SourceVersion "1"]
[SourceVersionDate "2015.03.02"]
[SourceQuality "1"]

1. e4 d6 2. d4 g6 3. Nf3 Bg4 4. Nbd2 Bg7 5. c3 Nd7 6. Bd3 c6 7. 0-0 Ngf6 8. h3 Bxf3 9. Nxf3 e5 10. Be3 Qc7 11. Qd2 h6 12. Rad1 0-0-0 13. Qc2 Nb6 14. a4 Kb8 15. a5 Nc8 16. b4 a6 17. Qb3 Rhf8 18. c4 Na7 19. dxe5 dxe5 20. Bb6 Qe7 21. Bxd8 Rxd8 22. Bc2 Rc8 23. Rd2 Re8 24. Rfd1 Bf8 25. c5 Nb5 26. Bd3 Nc7 27. Bb1 Nb5 28. Ba2 Rc8 29. Re1 Rc7 30. Qc4 Ne8 31. Red1 Bg7 32. Rd8+ Ka7 33. R8d2 Nd4 34. Nxd4 exd4 35. Re2 Qe5 36. Qd3 Rd7 37. g3 g5 38. Kg2 Nc7 39. Bc4 Re7 40. Qf3 Bf6 41. Qf5 Ne6 42. Qxe5 Bxe5 43. Bxe6 Rxe6 44. Rd3 Kb8 45. Rf3 Re7 46. Rf5 Kc7 47. f4 gxf4 48. gxf4 Bg7 49. e5 Kd7 50. Kf3 Ke6 51. Ke4 Rd7 52. Rh5 Rd5 53. Rd2 f6 54. Rxd4 Rxd4+ 55. Kxd4 fxe5+ 56. fxe5 Bf8 57. Ke4 Bg7 58. Rf5 Ke7 59. h4 Ke6 60. h5 Ke7 61. Rf2 Ke6 62. Rg2 Bxe5 63. Rg6+ Bf6 64. Rxh6 Kf7 65. Rh7+ 1-0

[Event "Budapest FS12 FM-B"]
[Site "Budapest"]
[Date "2014.12.08"]
[Round "3"]
[White "Di Giovanni, Vilmos"]
[Black "Hatala, Sandor"]
[Result "1-0"]
[WhiteElo "1755"]
[BlackElo "1866"]
[PlyCount "109"]
[EventDate "2014.12.06"]
[EventType "tourn"]
[EventRounds "9"]
[EventCountry "HUN"]
[SourceTitle "CBM 163 Extra"]
[Source "ChessBase"]
[SourceDate "2014.12.23"]
[SourceVersion "1"]
[SourceVersionDate "2014.12.23"]
[SourceQuality "1"]

1. d4 Nf6 2. Nf3 d6 3. h3 g6 4. Bf4 Bg7 5. e3 0-0 6. Be2 b6 7. 0-0 Bb7 8. a4 Nbd7 9. c3 c6 10. Na3 Rc8 11. a5 b5 12. a6 Bxa6 13. c4 Qb6 14. cxb5 Bxb5 15. Nxb5 cxb5 16. Qb3 a6 17. Ra3 Nb8 18. Nd2 Qc7 19. Bd3 e5 20. dxe5 dxe5 21. Bg3 Nfd7 22. Ne4 Nc5 23. Nxc5 Qxc5 24. Be4 Kh8 25. Bb7 Rcd8 26. Bxa6 Nxa6 27. Rxa6 f5 28. f4 e4 29. Ra5 Rd3 30. Qxb5 Qxe3+ 31. Bf2 Qd2 32. Ra3 Rxa3 33. bxa3 e3 34. Be1 Qd4 35. Qe2 Rb8 36. Bb4 Qe4 37. Rf3 Bd4 38. Kh2 Rc8 39. Qb5 Re8 40. Qe2 Kg7 41. h4 Re6 42. Qb5 Kg8 43. Qd7 Re8 44. Kh3 e2 45. Kh2 Bf6 46. Be1 Re7 47. Qd6 Kg7 48. Kh3 h6 49. Rg3 Qb1 50. Qd2 Qb6 51. h5 g5 52. fxg5 hxg5 53. Rxg5+ Bxg5 54. Qxg5+ Kh7 55. Qxe7+ 1-0

[Event "Budapest-chT1 Lilienthal 1213"]
[Site "Budapest"]
[Date "2013.04.14"]
[Round "10"]
[White "Hatala, Sandor"]
[Black "Posa, Norbert"]
[Result "0-1"]
[WhiteElo "1887"]
[BlackElo "2119"]
[PlyCount "100"]
[EventDate "2012.09.30"]
[EventType "team-tourn"]
[EventRounds "11"]
[EventCountry "HUN"]
[SourceTitle "EXT 2019"]
[Source "ChessBase"]
[SourceDate "2018.10.10"]
[SourceVersion "1"]
[SourceVersionDate "2018.10.10"]
[SourceQuality "1"]
[WhiteTeam "Budapest Ujpest KSE"]
[BlackTeam "Fabulon"]
[WhiteTeamCountry "HUN"]
[BlackTeamCountry "HUN"]

1. Nf3 d5 2. d4 Bf5 3. Bf4 e6 4. e3 c5 5. c3 Nc6 6. Bd3 Bxd3 7. Qxd3 c4 8. Qc2 f5 9. Nbd2 b5 10. a3 Nf6 11. 0-0 a5 12. Rfe1 Be7 13. Ng5 Qd7 14. Ndf3 h6 15. Ne5 Nxe5 16. dxe5 hxg5 17. exf6 gxf6 18. Bg3 Bd6 19. f4 Kf7 20. Qd2 g4 21. Rad1 Bc5 22. Kf1 Qc6 23. Ke2 Rhb8 24. Ra1 b4 25. axb4 axb4 26. Reb1 bxc3 27. bxc3 Rxa1 28. Rxa1 Qb6 29. Ra2 Qb1 30. Kf2 Ba3 31. Ke2 Bb2 32. Ra7+ Kg6 33. Be1 Bc1 34. Qd1 Rb2+ 35. Kf1 Bd2 36. Ra1 Qd3+ 37. Qe2 Qxe2+ 38. Kxe2 Bxc3+ 39. Kf1 Bxe1 40. Rxe1 Kf7 41. Re2 Rxe2 42. Kxe2 e5 43. Kd2 exf4 44. exf4 d4 45. Kc2 Ke6 46. h3 gxh3 47. gxh3 Kf7 48. Kb2 Kg6 49. Ka3 Kh5 50. Kb4 d3 0-1

[Event "Budapest-chT1 Lilienthal 1112"]
[Site "Budapest"]
[Date "2012.04.29"]
[Round "11"]
[White "Czegledi, Barna Jr"]
[Black "Hatala, Sandor"]
[Result "1-0"]
[WhiteElo "1813"]
[BlackElo "1892"]
[PlyCount "103"]
[EventDate "2011.10.02"]
[EventType "team-tourn"]
[EventRounds "11"]
[EventCountry "HUN"]
[SourceTitle "EXT 2020"]
[Source "ChessBase"]
[SourceDate "2019.10.17"]
[SourceVersion "1"]
[SourceVersionDate "2019.10.17"]
[SourceQuality "1"]
[WhiteTeam "Budapest Vasas II"]
[BlackTeam "Budapest Honved III"]
[WhiteTeamCountry "HUN"]
[BlackTeamCountry "HUN"]

1. d4 Nf6 2. c4 d6 3. Nc3 g6 4. e4 Bg7 5. Nge2 0-0 6. Ng3 e5 7. d5 a6 8. Be2 Nbd7 9. h4 h5 10. Bg5 Qe8 11. Qd2 Kh7 12. 0-0 Rh8 13. b4 Kg8 14. a4 Nh7 15. f3 f6 16. Be3 Qe7 17. a5 Ndf8 18. Bd3 g5 19. Nf5 Bxf5 20. exf5 gxh4 21. Ne4 Nd7 22. c5 Kf7 23. Bc4 Rag8 24. c6 b5 25. axb6 Nxb6 26. Bxa6 Rb8 27. Rfc1 Ng5 28. Nxg5+ fxg5 29. Bxg5 Bf6 30. Bxf6 Qxf6 31. Bd3 Rh7 32. Ra7 Kg8 33. Rca1 Rg7 34. Kh2 Kf8 35. Be4 Kg8 36. Rb7 Rc8 37. Raa7 Kf8 38. Qe3 Nc4 39. Qc1 Nb6 40. b5 Ke8 41. Qe3 Rf7 42. Rxc7 Rcxc7 43. Rxc7 Rxc7 44. Qxb6 Qd8 45. Qe3 Rg7 46. b6 Kf7 47. c7 Qc8 48. Qc1 Qg8 49. c8Q Rxg2+ 50. Kh1 Rg1+ 51. Qxg1 Qxc8 52. Qg6+ 1-0

[Event "HUN-chT2 Erkel 1112"]
[Site "Hungary"]
[Date "2012.02.19"]
[Round "6.9"]
[White "Rinyu, Janos"]
[Black "Hatala, Sandor"]
[Result "1/2-1/2"]
[WhiteElo "2004"]
[BlackElo "1892"]
[PlyCount "120"]
[EventDate "2011.09.25"]
[EventType "team-tourn"]
[EventRounds "11"]
[EventCountry "HUN"]
[SourceTitle "EXT 2013"]
[Source "ChessBase"]
[SourceDate "2012.11.22"]
[SourceVersion "1"]
[SourceVersionDate "2012.11.22"]
[SourceQuality "1"]
[WhiteTeam "Foti"]
[BlackTeam "Honved II"]
[WhiteTeamCountry "HUN"]
[BlackTeamCountry "HUN"]

1. d4 d6 2. Bg5 g6 3. c3 Bg7 4. Nd2 Nf6 5. e3 0-0 6. Bc4 c6 7. a4 d5 8. Bd3 Nbd7 9. f4 Re8 10. Ngf3 Nf8 11. 0-0 Bg4 12. Qb3 Bxf3 13. Bxf6 exf6 14. Rxf3 Re7 15. e4 dxe4 16. Nxe4 Qd5 17. Qxd5 cxd5 18. Nc5 f5 19. Bc2 Rae8 20. Bb3 Ne6 21. Nd3 Nc7 22. Nb4 Rd8 23. Kf2 a5 24. Nd3 Ne6 25. Re1 Kf8 26. g3 Rc7 27. Ne5 Ke7 28. Rfe3 Rd6 29. Nf3 Rb6 30. Bxd5 Rxb2+ 31. Kg1 Kd6 32. Bxe6 fxe6 33. Rxe6+ Kd5 34. R1e3 Rc2 35. Re7 R2xc3 36. Rxc3 Rxe7 37. Rc5+ Ke4 38. Ng5+ Kd3 39. Rxa5 Bxd4+ 40. Kg2 Re2+ 41. Kh3 h6 42. Nf3 Bc3 43. Rb5 Rb2 44. Ne5+ Kd4 45. Rxb2 Bxb2 46. Nxg6 Kc4 47. Kg2 Kb4 48. Kf2 Kxa4 49. Ke2 Bf6 50. Kd2 Kb4 51. Nf8 Kc4 52. Nd7 Be7 53. Ne5+ Kd5 54. Kd3 b5 55. Nf3 Bf6 56. h3 b4 57. g4 fxg4 58. hxg4 b3 59. g5 Bg7 60. gxh6 Bxh6 1/2-1/2

[Event "Budapest-chT1 Lilienthal 1011"]
[Site "Budapest"]
[Date "2010.10.31"]
[Round "3"]
[White "Makay, Andor"]
[Black "Hatala, Sandor"]
[Result "0-1"]
[WhiteElo "1874"]
[BlackElo "1966"]
[PlyCount "64"]
[EventDate "2010.09.19"]
[EventType "team-tourn"]
[EventRounds "11"]
[EventCountry "HUN"]
[SourceTitle "EXT 2020"]
[Source "ChessBase"]
[SourceDate "2019.10.17"]
[SourceVersion "1"]
[SourceVersionDate "2019.10.17"]
[SourceQuality "1"]
[WhiteTeam "Vizugy II"]
[BlackTeam "Budapest Honved III"]
[WhiteTeamCountry "HUN"]
[BlackTeamCountry "HUN"]

1. e4 d6 2. d3 Nf6 3. Be2 g6 4. Be3 Bg7 5. c3 0-0 6. Nd2 e5 7. Qc2 c5 8. h4 Ng4 9. h5 Nxe3 10. fxe3 Qg5 11. 0-0-0 Qxe3 12. Kb1 Nc6 13. Nc4 Qg5 14. Bf3 b5 15. Nd2 b4 16. Nh3 Qe7 17. g4 a5 18. Nc4 Be6 19. Nb6 Rab8 20. Nd5 Bxd5 21. exd5 bxc3 22. b3 Nd4 23. Qg2 c2+ 24. Kc1 cxd1Q+ 25. Bxd1 a4 26. hxg6 fxg6 27. Kb1 axb3 28. a3 Nb5 29. a4 Nc3+ 30. Kb2 Nxd1+ 31. Rxd1 e4+ 32. Ka3 Qb7 0-1